00800nam a22002537a 45000010005000000030006000050050017000110080041000280200018000690400029000870500014001160820011001301000027001412450031001682500046001992600037002453000050002824900047003325050008003795200092003875210020004795210020004996500027005194047FISKH20240603135618.0240603b cb ||||| |||| 00| 0 eng d a9780545433624 aFISKHbengcFISKHdFISKH aSF315.M27 a636.16 aMarsh, Laura eauthor  aPonies / cby Laura Marsh  aFirst Scholastic printing , December 2011 aNew York : bScholastic ; c2011 a32 pages : bcolor illustrations ; c24 cm .  a National Geographic Kids ReadersvLevel 1 aH  aDescribes the characteristics of different types of ponies at a beginning reader level.8 a440 bLexile 8 aH bRaz-Plus  aAnimals vNon-Fiction